01214namaa22002411i 450000500170000000800410001704000430005804100180010110000450011924502660016424602240043026400100065430000460066433600220071033700250073233800230075750200420078050400340082265300130085670000370086970000330090670000330093920260610111706.0260610s1994 ua a|||frm||| 000 0 eng d aEG-GICUCbengcEG-GICUCdEG-GICUCerda0 aengbengbara0 aMostafa Kamel Ahmed Said, epreparation.10aMineralogical Composition And Ceramic Properties Of Some Egyptian Raw MaterialS For The Production Of Tiles By Conventional And Fast - Firing Techniques / cBy Mostafa Kamel Ahmed Said; Supervision Dr. Z. Abd EL Kader, Prof.Dr. D.M.Ibrahim, Prof.Dr. A. Dardeer.15aالتركيب المعدنى والخصائص الخزفية لبعض المواد الخام المصرية بغرض أنتاج البلاط الخزفى بطريقتى الحرق التقليدي والسريع / 0c1994. a184 pages : billustrations ; c30 cm. +  2rda contentatext 2rdamediaaUnmediated 2rdacarrieravolume aThesis (Ph.D)-Cairo University, 1994. aBibliography: pages 168-184.  0aGeology 0 aZ. Abd EL Kaderethesis advisor.0 aD.M.Ibrahimethesis advisor.0 aA. Dardeer ethesis advisor.